1040 1466 1336 1304 1090 1489 1023 1428 1855 1184 1965 1700 1419 1804 1020 1620 1431 1754 1256 1734 1308 1439 1154 1758 1310 1746 1598 1205 1400 1506 1733 1481 1211 1931 1292 1814 1888 1934 1120 1052 1634 1705 1244 1247 1919 1064 1879 1815 1781 1557 1410 1674 1624 1341 1298 1175 1191 1163 1791 1080 1164 1360 1692 1133 1921 1546 1061 1629 1828 1430 1364 1058 1485 1993 1634 1986 1218 1841 1521 1382 1665 1772 1148 1411 1371 1101 1445 1291 1382 1206 1356 1814 1538 1484 1629 1499 1794 1018 1671 BCNSPRNW ULIB Ver.6.0+V

เปลี่ยนเป็นภาษาไทย

Change to English
 แสดงรายละเอียดบรรณานุกรม
  กลับหน้าหลัก

Brief Record : Get Marc (ISO 2709) : E-mail record : QR code < ปิดหน้าต่าง
LEADER : 00000nam 2200000uu 4500
001    13399111046
003     ULIB
008    110615s||||||||th 000 0 tha d
020    9746113607 (ล.2)
050  4 BF121^bส719จ ล.2 2548
245 00 จิตวิทยาทั่วไป หน่วยที่ 8-15=^bGeneral Psychology /^cสาขาวิชาคหกรรมศาสตร์ มหาวิทยาลัยสุโขทัยธรรมาธิราช
246 31 General Psychology
250    พิมพ์ครั้งที่ 18
260    นนทบุรี :^bสำนักพิมพ์ มสธ.,^c2548
300    2 เล่ม
500    เอกสารการสอนชุดวิชาจิตวิทยาทั่วไป
650  7 จิตวิทยา
710 2  มหาวิทยาลัยสุโขทัยธรรมาธิราช. ^bสาขาวิชาคหกรรมศาสตร์
740 02 เอกสารการสอนชุดวิชาจิตวิทยาทั่วไป
945    ^p0^l0^i018920
995    ทศพร
999 ^a ใช้งานได้ทุกระบบ
รายการนี้ยังไม่มีแท็ก
คุณยังไม่ได้ล็อกอิน คุณสามารถมีกิจกรรมร่วมกับเว็บไซต์ได้ แต่ต้องล็อกอินก่อน ::
  ล็อกอิน

รายการสื่อสารสนเทศ

ลำดับที่ ประเภท เลขเรียก/บาร์โค้ด สถานที่ สถานะ
- ไม่พบข้อมูล -

รายการใกล้เคียง
    หัวเรื่อง [จิตวิทยา]

BibComment


ยังไม่เคยถูกคอมเมนท์

คอมเมนท์ทรัพยากรรายการนี้
  คอมเมนท์: จิตวิทยาทั่วไป หน..


 Copyright 2026. Bcnsprnw @Library